| 000 | 00733nam a2200217 4500 | ||
|---|---|---|---|
| 001 | 117982 | ||
| 003 | ES-MaACL | ||
| 005 | 20250827062621.0 | ||
| 007 | t| | ||
| 008 | 070214s1979 sp r ||||1| spa d | ||
| 080 | _a347.238.31(46)"19"(094.5) | ||
| 110 | 1 |
_aEspaña _93622 |
|
| 245 | 1 | 0 |
_aCódigo completo de la casa y de las comunidades de propietarios _b: comentado con las sentencias del Tribunal Supremo / _cAntonio Para Martín. |
| 250 | _a3ª ed. | ||
| 260 |
_aBarcelona : _bDe Vecchi, _c1979. |
||
| 300 |
_a853 p. ; _c18 cm. |
||
| 650 | 4 |
_aComunidades de propietarios- _zEspaña- _vLegislación. _9138892 |
|
| 700 | 0 |
_aPara Martín, Antonio. _988900 |
|
| 852 |
_aES-MaACL _jA-10261 _bR.99595 |
||
| 999 |
_c117982 _d117982 |
||